| 000 | 00481pab a2200169 454500 | ||
|---|---|---|---|
| 008 | 180718b2017 xxu||||| |||| 00| 0 eng d | ||
| 100 | _aReddy, T. Kishen Kumar | ||
| 245 | _aPandit Deendayal Petroleum University: journey to excellence with glocal practices | ||
| 260 | _c2017 | ||
| 300 | _ap.106-110. | ||
| 362 | _a30 Jan | ||
| 650 | _aPandit Deendayal Petroleum University | ||
| 650 | _aPetroleum | ||
| 700 | _aDave, Nigam | ||
| 773 | _aUniversity News | ||
| 909 | _a113773 | ||
| 999 |
_c113767 _d113767 |
||